00977cam a2200193 450000500170000000800410001702000150005805000220007310000260009524503740012125000110049526000640050630000260057050400320059665000230062865000340065165000440068570000540072920250710084934.0031003s2002 ag 000 0 spa u a950508577X04aKHA5613bC37 20021 aCarrera, Daniel Pablo10aAdministración fraudulenta b : deslealtad de resguardadores de patrimonio ajeno : Configuración del delito, Autoría y participación, Consumación, Tentativa, Prueba, Ejercicio de la acción, Abuso de infidelidad defraudatoria, Excusas absolutorias, Relaciones con otras figuras penalesc / Daniel Pablo Carrera ; colaboradora Marcela Carrera de Hairabedián a1a ed. aBuenos Aires :bAstrea de Alfredo y Ricardo Depalma, c2002 axvi, 199 p. ;c20 cm. aBibliografía : p. 193-19910aFraude zArgentina 4aAbuso de confianzazArgentina 4aAdministarción fraudulentazArgentina1 aCarrera de Hairabedián, Marcela, ecolaboradora